000 00636nam a2200205Ia 4500
003 GCL
008 140319s9999 xx 000 0 ara d
040 _aGCL /
_cGCL
082 0 4 _a320.531
_bر ا
100 1 _aلطيفة مصطفى سلامة (مترجم)
245 1 0 _aالاشتراكية والاخلاق /
_cلطيفة مصطفى سلامة (مترجم)
700 1 _aربيل، روجيه
700 1 _aرونجير، بيريت
260 _a[S.N] :
_bمكتبة النهضة المصرية ،
_c1980
300 _a178 ص
490 _a
650 0 4 _aالاشتراكية
650 0 4 _aالسياسة
942 _2ddc
_cBK
999 _c54058
_d54058